000 00654nam a2200277Ia 4500
005 20260121124434.0
008 008 260114s9999 xx 000 0 eng d
020 _a9780231544962
037 _aEBOOK
040 _aCRL
040 _beng
040 _cCRL
041 _2eng
041 _aeng
084 _qCRL
100 _aZabala, Santiago
_9976018
245 0 _aWhy only Art Can Save Us
260 _bWalter de Gruyter
260 _bWalter de Gruyter
260 _c2017
650 _aPhilosophy
_9976019
856 _uhttp://www.degruyter.com/isbn/9780231544962
942 _cEBOOK
999 _c1554602
_d1554602